000 00773cab a2200229 4500
001 WB3410-38
008 090401t1998 xxu||||| |||| 00| 0 eng d
035 _a(Sirsi) u84877
041 _aeng
245 _aCouncil defeated on cheap homes
260 _c1998
350 _a0
490 _aPlanning (for the Natural and Built Environment)
_v(1258) 6 March 1998, 3(1)
520 _aCambridge City Council`s attempts to provide affordable housing by fixing its threshold below that advised in "Circular 13/96", looks set to be overruled in a test case.
650 _aAffordable housing
_96215
650 _aCAMBRIDGE CITY COUNCIL
650 _aDOE CIRCULAR 13/1996
650 _aTEST CASE
690 _aBlock management
_96220
942 _n0
948 _c13/03/1998
999 _c53379
_d53379